000 01084nam a22002057a 4500
003 NALT
005 20251125233050.0
008 s2552 th tha d
040 _aNALT
041 _atha
090 _aIS 4/2552 ก.1
245 0 0 _aระบบการกำหนดตำแหน่งที่เหมาะสมสำหรับข้าราชการรัฐสภาสามัญ กลุ่มที่ 1 (เอกสารวิชาการกรณีศึกษากลุ่ม).
260 _aกรุงเทพฯ :
_bรัฐสภา,
_c2552
300 _a45 หน้า :
_bภาพประกอบ, ตาราง ;
_c30 ซม.
650 0 _aข้าราชการรัฐสภาสามัญ
_xมาตรฐานกำหนดตำแหน่ง
_97298
850 _aNALT
856 4 0 _uhttps://hdl.handle.net/20.500.14156/18553
942 _cIS
_2local
998 _bชวนพิชญ์ รัตนาไพบูลย์
_j1020
_k นางจำเรียง ระวังสำโรง
999 _c59938
_d59938